000 00481nam a2200193Ia 4500
008 151119s9999||||xx |||||||||||||| ||und||
082 _a891.463
082 _bGKKV5873
100 _aबांदोडकर गो पु
245 _aजाळ
260 _a--
260 _b--
260 _c0
600 _aबांदोडकर गो पु
630 _aजाळ
700 _aबांदोडकर गो पु
730 _aजाळ
942 _cBOOK
999 _c1060834
_d1060831